000 01227cam a2200325 4500
001 ABS68441
008 041110n2004 000 0 eng u
035 _a(Sirsi) u127938
100 _aHopkins, P.
245 _aPrudence or profit £ ? £
260 _c2004
490 _aLetting Update Journal
_v12(3) October 2004, 22-23(2)
520 _aOutlines some of the areas where landlords or their agents will have to make a commercial risk assessment. Looks at abandoned tenancies, tenant vetting and rental insurance, deposit holding, cancellation rights and joint tenancies and changes of tenant. Recommends that agents and landlords seek professional advice before making decisions in all but routine cases in these areas of commercial risk.
590 _aABS
590 _aABS
650 _aJOINT TENANCIES
650 _aTENANCY DEPOSITS
650 _aCANCELLATION RIGHTS
650 _aTENANT CHANGES
650 _aCHAMBERLAIN V SCALLEY
650 _aTENANT VETTING
650 _aRENTAL INSURANCE
650 _aABANDONED TENANCIES
650 _aCOMMERCIAL RISK
650 _aRISK ASSESSMENT
650 _aLANDLORDS
650 _aAGENTS
690 _aHOUSING-PRIVATE RENTED SECTOR
942 _n0
999 _c118290
_d118290